MEDICINAL PLANTS OF EAST AFRICA (Record no. 215541)

MARC details
000 -LEADER
fixed length control field 00476nam a22001697a 4500
008 - FIXED-LENGTH DATA ELEMENTS--GENERAL INFORMATION
fixed length control field 250529b |||||||| |||| 00| 0 eng d
020 ## - INTERNATIONAL STANDARD BOOK NUMBER
International Standard Book Number 9966-846-84-0
050 ## - LIBRARY OF CONGRESS CALL NUMBER
Classification number RS 164 .K65 2008
Item number 3
100 ## - MAIN ENTRY--PERSONAL NAME
Personal name KOKWARO, JOHN O.
245 ## - TITLE STATEMENT
Title MEDICINAL PLANTS OF EAST AFRICA
250 ## - EDITION STATEMENT
Edition statement THIRD EDITION
260 ## - PUBLICATION, DISTRIBUTION, ETC.
Place of publication, distribution, etc. NAIROBI
Name of publisher, distributor, etc. UNIVERSITY OF NAIROBI
Date of publication, distribution, etc. 2008
500 ## - GENERAL NOTE
General note INCLUDES INDEX
650 ## - SUBJECT ADDED ENTRY
Topical term or geographic name entry element PLANT SPEC IES AND DISEASES TREATED
942 ## - ADDED ENTRY ELEMENTS (KOHA)
Source of classification or shelving scheme Library of Congress Classification
Koha item type Long Loan Book
Holdings
Withdrawn status Lost status Source of classification or shelving scheme Damaged status Not for loan Collection Home library Current library Shelving location Date acquired Inventory number Total checkouts Full call number Barcode Date last seen Date last checked out Copy number Price effective from Koha item type
    Library of Congress Classification     Medicine Kisii University Library Kisii University Library On Display 05/29/2025 097419 1 RS 164 .K65 2008 019482 06/12/2025 05/29/2025 C.3 05/29/2025 Long Loan Book